[Event "CZE-chT1E 1920"]
[Site "Czech Republic"]
[Date "2019.10.20"]
[Round "1.6"]
[White "Ponizil, Cyril"]
[Black "Simacek, Pavel"]
[Result "1/2-1/2"]
[WhiteElo "2504"]
[BlackElo "2481"]
[PlyCount "27"]
[EventDate "2019.10.20"]
[EventType "team-tourn"]
[EventRounds "11"]
[EventCountry "CZE"]
[SourceTitle "CBM 192 Extra"]
[Source "Chessbase"]
[SourceDate "2019.11.06"]
[SourceVersion "1"]
[SourceVersionDate "2019.11.06"]
[SourceQuality "1"]
[WhiteTeam "Hostalkova"]
[BlackTeam "Vsetin"]
[WhiteTeamCountry "CZE"]
[BlackTeamCountry "CZE"]

1. e4 e5 2. Nf3 Nc6 3. Bb5 Nf6 4. 0-0 Nxe4 5. Re1 Nd6 6. Nxe5 Nxe5 7. Rxe5+ Be7 8. Bf1 0-0 9. d4 Bf6 10. Re1 Re8 11. c3 Rxe1 12. Qxe1 Qe7 13. Qxe7 Bxe7 14. Bf4 1/2-1/2

[Event "Pardubice Czech op-E 30th"]
[Site "Pardubice"]
[Date "2019.07.13"]
[Round "4.4"]
[White "Ponizil, Cyril"]
[Black "Vymazal, Bronislav"]
[Result "1-0"]
[WhiteElo "2499"]
[BlackElo "2341"]
[PlyCount "63"]
[EventDate "2019.07.11"]
[EventType "team-swiss"]
[EventRounds "7"]
[EventCountry "CZE"]
[SourceTitle "EXT 2020"]
[Source "ChessBase"]
[SourceDate "2019.10.17"]
[SourceVersion "1"]
[SourceVersionDate "2019.10.17"]
[SourceQuality "1"]
[WhiteTeam "Brno Duras"]
[BlackTeam "Cerebro"]
[WhiteTeamCountry "CZE"]
[BlackTeamCountry "CZE"]

1. e4 e5 2. Nf3 Nc6 3. Bb5 a6 4. Ba4 Nf6 5. 0-0 Be7 6. Re1 d6 7. c3 Bg4 8. h3 Bh5 9. d3 Qd7 10. Nbd2 g5 11. Bxc6 bxc6 12. d4 Rg8 13. Nf1 exd4 14. cxd4 g4 15. hxg4 Bxg4 16. Bf4 Nh5 17. Bg3 Kf8 18. Qd3 Nxg3 19. Nxg3 h5 20. Qe3 Rg7 21. Rac1 Rb8 22. b3 Rb5 23. d5 cxd5 24. Nd4 Rb4 25. exd5 Bg5 26. f4 Bf6 27. Nc6 Rb7 28. Rc4 Rg6 29. Rf1 h4 30. f5 Rg5 31. Ne4 Qe8 32. Qd2 1-0